000 00633nam a2200229Ia 4500
003 OSt
005 20220918181735.0
006 a|||||r|||| 00| 0
007 ta
008 220917b |||||||| |||| 00| 0 eng d
024 _a28,420
037 _cTextual
040 _aARTS
_cARTS
_beng
041 _2eng
_aeng
082 _aO111,3M12w, H9 (EO)
100 _aPearson Hesketh
_950997
245 0 _aDickens - his character, comedy and career
260 _aLondon
_bMethuen
_c1949
650 _aENGLISH LITERATURE
942 _hO111,3M12w, H9 (EO)
_cTEXL
_2CC
999 _c166672
_d166672